000 00578nam a2200181 i 4500
001 58793
003 ES-MaACL
005 20251206063030.0
007 t|
008 031024s1974 sp ||||1| spa d
100 0 _aEchevarría Bravo, Pedro
_946558
245 1 0 _aCancionero de los peregrinos de Santiago /
_cPedro Echevarri Bravo.
260 _aMadrid :
_bCentro de Estudios Jacobeos,
_c[1974]
300 _aXX, 187 p., 18 lám. :
_bil. ;
_c21 cm.
710 2 _aCentro de Estudios Jacobeos.
_92652
852 _aES-MaACL
_jC-56744
_bR.89591
999 _c58793
_d58793